|
|
|
|
| LEADER |
00000nab a2200000ua 4500 |
| 001 |
vtls010766437 |
| 003 |
SK-MaSNL |
| 005 |
20260304203102.0 |
| 008 |
250718s1955 xo |||||||||||||||||slo| |
| 035 |
|
|
|a (urnnbn)urn:nbn:sk:snk:ar-a03hza
|
| 035 |
|
|
|a (uuid)639cc4ef-7625-4fc3-a5c9-7cf134fe6abf
|
| 035 |
|
|
|a urn:nbn:sk:snk-ab5a9j
|
| 040 |
|
|
|a SNKBUCL
|b slo
|c SNKBUCL
|e AACR2
|
| 041 |
0 |
|
|a slo
|
| 044 |
|
|
|a xo
|c SK
|
| 100 |
1 |
|
|a Šímun, L.
|4 aut
|9 1120140
|
| 245 |
1 |
0 |
|a PRÍNOS SOVIETSKYCH CHIRURGOV V PLASTIKE VALCOVÝM LALOKOM
|c L. Šímun
|
| 773 |
0 |
|
|t Bratislavské lekárske listy
|g Roč. 35, č. 11 (1955), s. 668-[672]
|
| 850 |
|
|
|a Slovenská národná knižnica
|
| 852 |
|
|
|a Slovenská národná knižnica
|
| 954 |
|
|
|a odborná, vedecká literatúra pôvodná (slovenská)
|2 lita
|
| 958 |
|
|
|a article3
|
| 958 |
|
|
|a OND
|
| 958 |
|
|
|a EUIPO
|
| 999 |
|
|
|c 3107513
|d 3109443
|